| 000 | 00428nam a22001817a 4500 | ||
|---|---|---|---|
| 005 | 20230111124656.0 | ||
| 008 | 221219b |||||||| |||| 00| 0 eng d | ||
| 020 | _a978-93-82676-01-0 | ||
| 041 | _aeng | ||
| 082 | _a340 RAI-L | ||
| 100 |
_aRAI , Dr. KAILASH _97381 |
||
| 245 | _aLEHGAL ETHICS | ||
| 250 | _a11th ed. | ||
| 260 |
_bCENTRAL LAW PUBLICATIONS _c2020 |
||
| 300 | _a440;P. | ||
| 650 |
_aLAW _95701 |
||
| 942 | _cBK | ||
| 999 |
_c8099 _d8097 |
||